000 01166nam0a22002531 4500
001 rc\909631
005 20250622040738.0
035 _a(NLR Aleph) 006084490
090 _a5113686
_c5113686
100 _a20041129d1983 |||y0rusy50 ca
101 0 _arus
102 _aRU
105 _ay |||||||||
200 1 _aХарактеристика мелководной зоны Волгоградского водохранилища и перспективы ее использования в рыбоводных целях
_e[Сб. статей]
_fПод ред. к. б. н. Л.П. Закоры
210 _aЛ.
_cГосНИОРХ
_d1983
215 _a103 с.
_d20
225 1 _aСборник научных трудов
_fГос. НИИ озер. и реч. рыб. хоз-ва Науч.-произв. об-ния по пром. и тепловод. рыбоводству (НПО "Промрыбвод")
_vВып. 199
320 _aБиблиогр. в конце статей
702 1 _aЗакора
_bЛ.П.
_gЛюдмила Павловна
_4340
801 0 _aRU
_bNLR
_gpsbo
801 1 _aRU
_bELAR
_2rusmarc
852 _aNLR
_jП13/63
942 _cBOOK
980 _aNB